000
00337nam a2200133Ia 4500
008
240624s9999 xx 000 0 und d
041
_a
eng
082
_a
658.4092 WAT
100
_a
WATSON CRAIG M
245
_a
DYNAMICS OF LEADERSHIP
260
_c
2001
_a
Mumbai
_b
Jaico Publishing House
300
_a
xi, : 368 : p. : cm. ; 25
365
_c
RS
999
_c
786
_d
786